|
|
|
|
| LEADER |
00000cac a2200000 i 4500 |
| 003 |
Ucuenca |
| 005 |
20230816143043.0 |
| 006 |
a||||gr|||| 001 || |
| 007 |
ta |
| 008 |
001061s2000 ec gr|||| 001|||spa|a |
| 040 |
|
|
|b spa
|a UCuenca-cdrjbv
|c UCuenca
|e rda
|
| 041 |
0 |
|
|a spa
|
| 082 |
0 |
|
|2 21
|a 306
|c 68940
|
| 110 |
2 |
|
|a Micelánea Anropológica Ecuatoiana 3,
|g UEB
|9 7
|
| 245 |
1 |
3 |
|a La interculturalidad:
|b una mirada desde nuestra realidad diversa /
|c Universidad Estatal de Bolívar.
|
| 250 |
|
|
|a Primera edición.
|
| 264 |
|
1 |
|a Riobamba:
|b Universidad Estatal de Bolívar,
|c 2000.
|
| 300 |
|
|
|a 99 páginas:
|c 21 cm
|
| 336 |
|
|
|2 rdacontent
|a texto
|b txt
|
| 337 |
|
|
|2 rdamedia
|a no mediado
|b n
|
| 338 |
|
|
|2 rdacarrier
|a volumen
|b nc
|
| 490 |
0 |
|
|a Estudios Interculturales,
|v número 2
|
| 650 |
1 |
0 |
|a Cultura
|9 146
|
| 650 |
1 |
7 |
|2 UCuenca-cdrjbv
|a Grupos sociales
|9 4929
|
| 650 |
1 |
7 |
|2 UCuenca-cdrjbv
|a Interculturalidad
|9 39642
|
| 852 |
|
|
|a UC-CDJBV
|
| 942 |
|
|
|2 ddc
|c CR
|r rocío.campoverde@ucuenca.edu.ec
|
| 999 |
|
|
|c 117534
|d 117534
|